000 00668nam a2200229 i 4500
001 C2-0167190
003 PPAK
005 20180727133506.0
008 980705s1984 nyua|||| ||||| | eng d
020 _a0442215029
040 _aPPAK
_beng
_cPPAK
_erda
082 0 4 _a658.8.
_223
090 0 0 _a658.8.
_bCAL
_dR
100 1 _aCalvin, Robert J.,
_eauthor
245 1 0 _aProfitable sales management and marketing for growing businesses
264 1 _aNew York :
_bVan Nostrand Reinhold Company ,
_c1984
300 _axvi, 326 pages :
_billustrations
336 _2rdacontent
_atext
337 _2rdamedia
_aunmediated
338 _2rdacarrier
_avolume
942 _ddc
_cB
999 _c49350
_d49350